¿A quien le pertenece el niño? : derecho de los padres. Escuela. Estado /

La colección Ideas Claras de Ediciones Paulinas busca constestar, a través de autores con una fuerte actividad espiritual y al mismo tiempo especialistas en la materia en cuestión, a preguntas que inquietan a la sociedad contemporánea y ofrecer así, elementos de jucio desde el pensamiento cristiano....

Deskribapen osoa

Gorde:
Xehetasun bibliografikoak
Egile nagusia: Hartmann, Albert (autor)
Formatua: Liburua
Hizkuntza:gaztelania
Argitaratua: Madrid, España : Ediciones Paulinas, 1966, c1966
Saila:(Ideas Claras ; 8)
Gaiak:
Etiketak: Etiketa erantsi
Etiketarik gabe, Izan zaitez lehena erregistro honi etiketa jartzen!

MARC

LEADER 00000nam^a2200000^a^4500
001 000182345
005 20250521000000.0
009 20260310102003.929
037 |a Acervo ITESO - Biblioteca 
041 |a ESP 
082 |a 200.  |b IDE V. 8 
100 |a Hartmann, Albert  |e (autor) 
245 1 0 |a ¿A quien le pertenece el niño? :  |b derecho de los padres. Escuela. Estado /  |c A. Hartmann ; dir. de colección de A. Pereira ; tr. por Juan Blanco Catala. 
264 4 |a Madrid, España :  |b Ediciones Paulinas,  |c 1966, c1966 
300 |a 63 p. 
336 |a texto  |b txt  |2 rdacontenido 
337 |a sin mediación  |b n  |2 rdamedio 
338 |a volumen  |b nc  |2 rdasoporte 
440 1 |a (Ideas Claras ;  |v 8) 
500 |a Traducción de: Whem hehort das kind? 
520 |a La colección Ideas Claras de Ediciones Paulinas busca constestar, a través de autores con una fuerte actividad espiritual y al mismo tiempo especialistas en la materia en cuestión, a preguntas que inquietan a la sociedad contemporánea y ofrecer así, elementos de jucio desde el pensamiento cristiano. En este ejemplar tema central es la educación de los niños y el derecho que tienen tanto, los padres, la iglesia y el Estado en el trabajo educativo. 
649 |a XX 
650 |a Niños 
650 |a Educación 
650 |a Relaciones Padres-Hijos 
650 |a Relaciones Familiares 
650 |a Educación Religiosa 
650 |a Iglesia y Problemas Sociales 
650 |a Hogar y Escuela 
650 |a Educación y Estado 
650 |a Vida Cristiana 
650 |a Catolicismo 
650 |a Cristianismo 
650 |a Religión 
910 |a Fondo General 
920 |a Impresos - Libros 
930 |a Colección General 
905 |a 101 
901 |a 0500122271  |b IT1  |c ACC  |u 20250521 
902 |a https://opac.biblio.iteso.mx/vufind/Record/000182345